000 00782nam a22001937a 4500
003 OSt
005 20200114103809.0
008 200114b xxu||||| |||| 00| 0 eng d
010 _a5512250
040 _aLB-BrCRDP
082 _aR 808.8 G875
245 _aGrolier classics.
260 _aU.S.A
_bGrolier Incorporated./ Classics Appreciation Society
_c1956
300 _a538 p.
_b10 volumes
_c24 cm.
490 _aVol 9 / [Moby Dick by Herman Melville / Life of Samuel Johnson by James Boswell / The Social contract by Jean Jacques Rousseau / The Odyssey by Homer / Ali Baba and the forty thieves / Christopher Columbus' letter reporting his first impression of America ]
630 _a HOME STUDY.
630 _a CLASSICS -- literature (condensed) -- Fiction.
942 _2ddc
_cBK
999 _c23655
_d23655